| 000 | 00000nas 2200000za 4500 |
| 001 | 9.837990 |
| 003 | CaOODSP |
| 005 | 20230131150310 |
| 007 | cr ||||||||||| |
| 008 | 170608d20172017oncqr p o||||f0 b0fre|d |
| 040 | |aCaOODSP|bfre |
| 043 | |an-cn--- |
| 086 | 1 |aH12-42F-PDF |
| 245 | 00|aRapport d’étape sur la Déclaration conjointe sur les mesures visant à remédier à la crise des opioïdes au Canada. |
| 264 | 1|a[Ottawa] : |bSanté Canada,|bCentre canadien sur les dépendances et l'usage de substances, |c2017. |
| 310 | |aTrimestriel? |
| 362 | 1 |aParaît depuis et ne paraît plus après Décembre 2016 à février 2017. |
| 500 | |aPubli. aussi en anglais sous le titre : Progress report on the Joint Statement of Action to Address the Opioid Crisis in Canada. |
| 692 | 07|2gccst|aToxicomanie |
| 692 | 07|2gccst|aPolitique en matière de santé |
| 710 | 2 |aCentre canadien sur les dépendances et l'usage de substances. |
| 710 | 1 |aCanada. |bSanté Canada. |
| 775 | 08|tProgress report on the Joint Statement of Action to Address the Opioid Crisis in Canada.|w(CaOODSP)9.837986 |